00610nam a2200217 i 450000100060000000300090000600500170001500700030003200800410003502000180007608000220009411000090011624501030012525000120022826000360024030000200027650500440029661000090034070000220034985200210037120734ES-MaACL20230906152344.0t|021118s1977 sp |||| | spa d a84-253-0814-3 a331.88(460)U.G.T.2 aUGT.10aActas de la Unión General de Trabajadores de España / cprólogo y notas por Amaro del Rosal. a1ª ed. aBarcelona : bGrijalbo, c1977. a2 v. ; c32 cm.8 aContiene: I. 1888-1892 - II. 1899-190424aUGT.1 aRosal, Amaro del.4 aES-MaACLjP-1430